|
|
|
|
| LEADER |
01758nam a2200493 a 4500 |
| 001 |
nkc20091857330 |
| 003 |
CZ PrNK |
| 005 |
20130218123655.0 |
| 007 |
ta |
| 008 |
090220s2009 xr a e f 001 0 cze |
| 015 |
|
|
|a cnb001857330
|
| 020 |
|
|
|a 978-80-255-0162-7
|q (brož.)
|
| 035 |
|
|
|a (OCoLC)455841814
|
| 040 |
|
|
|a OLA001
|b cze
|d BOA001
|
| 041 |
1 |
|
|a cze
|h ger
|
| 072 |
|
7 |
|a 635
|x Zahrádkářství
|2 Konspekt
|9 24
|
| 080 |
|
|
|a 631.23/.27
|2 MRF
|
| 080 |
|
|
|a 635.047
|2 MRF
|
| 080 |
|
|
|a 69.059.3
|2 MRF
|
| 080 |
|
|
|a (035)
|2 MRF
|
| 100 |
1 |
|
|a Ott, Eva
|7 xx0012180
|4 aut
|
| 245 |
1 |
0 |
|a Stavíme z kamene a ze dřeva :
|b místa k posezení, terasy, cesty, schody, zídky /
|c Eva Ott ; [z německého originálu ... přeložil Karel Kopička]
|
| 250 |
|
|
|a 4. vyd.
|
| 260 |
|
|
|a Čestlice :
|b Rebo,
|c 2009
|
| 300 |
|
|
|a 96 s. :
|b barev. il. ;
|c 22 cm
|
| 490 |
1 |
|
|a Zahrada plus
|
| 500 |
|
|
|a Obsahuje rejstřík
|
| 650 |
0 |
7 |
|a zahradní stavby
|7 ph116726
|2 czenas
|
| 650 |
0 |
7 |
|a zahradní doplňky
|7 ph127516
|2 czenas
|
| 650 |
0 |
7 |
|a stavební úpravy
|7 ph126089
|2 czenas
|
| 650 |
0 |
9 |
|a garden structures
|2 eczenas
|
| 650 |
0 |
9 |
|a garden accessories
|2 eczenas
|
| 650 |
0 |
9 |
|a building improvement
|2 eczenas
|
| 655 |
|
7 |
|a příručky
|7 fd133209
|2 czenas
|
| 655 |
|
9 |
|a handbooks and manuals
|2 eczenas
|
| 700 |
1 |
|
|a Kopička, Karel,
|d 1950-
|7 xx0014434
|4 trl
|
| 765 |
0 |
|
|t Bauen mit Stein und Holz
|9 Česky
|
| 830 |
|
0 |
|a Zahrada plus
|0 s
|
| 856 |
4 |
1 |
|u http://www.digitalniknihovna.cz/mzk/uuid/uuid:634c1d10-fcf0-11e3-9789-005056827e52
|y Digitalizovaný dokument
|x NDK
|
| 910 |
2 |
|
|a BOA001
|b 2-1228.857
|
| 990 |
|
|
|a BK
|
| 995 |
|
|
|a 01
|
| 991 |
|
|
|b 200910
|c NOV
|
| 996 |
6 |
|
|b 2610387636
|c 2-1228.857
|l MZK
|r Sklad / do 1 hodiny
|n 12
|p p.v.
|w 000964370
|u 000010
|a 1
|e BOA001
|j MZK50
|s P
|